000 00608nam a22002057a 4500
999 _c9198
_d9198
003 AR-CdUCM
008 190327b ||||| |||| 00| 0 spa d
040 _aMUNICIPALIDAD PROVINCIAL DEL CUSCO
_cBIBLIOTECA MUNICIPAL DEL CUSCO
082 _a869.58 /
_bK77
100 _aKosice
_925261
245 _aGolsé - se /
260 _aArgentina :
_bKosice ,
_c1952.
300 _a69 páginas ;
_c19.5 cm.
500 _aContiene dedicatoria de Luis Nieto
650 _aPoesia Argentina
_91657
650 _aPoesia Latinoamericana
_92147
650 _aPoesia Romantica
_914796
942 _2ddc
_cLIBROS
945 _artm